| 000 | 00861cac a22002655a 4500 | ||
|---|---|---|---|
| 005 | 20150811111519.0 | ||
| 008 | 100916t1982 caual fr 001 0 eng d | ||
| 010 | _a 81082866 | ||
| 020 | _a0376030208 | ||
| 020 | _a070661030203 | ||
| 040 |
_aEG-ScBUE _beng _cEG-ScBUE |
||
| 082 | 0 | 4 |
_a635.93362 _bAZA _222 |
| 110 | 2 |
_aSunset books : Sunset magazine _919358 |
|
| 245 | 1 | 0 |
_aAzaleas, Rhododendrons & Camellias / _cby the editors of sunset books and sunset magazine. |
| 260 |
_aMenlo Park, California : _bLane Publishing, _cc.1982. |
||
| 300 |
_a96 p. : _bill. (some col.) ; _c28 cm. |
||
| 500 | _aIndex : p. 96. | ||
| 590 | _aMohamed Hussein | ||
| 650 | 0 |
_aRhododendrons. _919364 _2BUEsh |
|
| 650 | 0 |
_aAzaleas. _919365 _2BUEsh |
|
| 650 | 0 |
_aCamellias. _919366 _2BUEsh |
|
| 651 | _2BUEsh | ||
| 653 |
_bENGGEN _cAugust2015 |
||
| 942 |
_cBB _k635.93362 AZA _2ddc |
||
| 999 |
_c6072 _d6072 |
||